000 00546nam a2200121Ia 4500
008 220620s9999||||xx |||||||||||||| ||und||
100 _aVitale, Vince R.
245 0 _aNon-Identity Theodicy
_bA Grace-Based Response to the Problem of Evil
546 _aEnglish[eng]
650 _aProblem of Evil, Theodicy, Non-Identity Problem, Metaphysics of Harm, Horrendous Evil, Marilyn Adams, Robert Adams, Free Will Defense, Derek Parfit, Goodness of God
856 _uhttps://library.oapen.org/bitstream/20.500.12657/46340/1/9780198864226.pdf
942 _cEB
999 _c22154
_d22154